00533 2200205 4500001002100000005001500021035002000036007000300056008004100059020002200100082000800122084001400130100002100144245003600165250001100201260004100212300003900253650001000292700002500302INLIS00000000000088220210527024912 a0010-0521000119ta210527 g 0 ind  a978-602-430-000-5 a813 a813 VAN f0 aVanesta Marcella1 aFriend Zone /cVanesta Marcella acet. 5 aYogyakarta :bBentang Pustaka,c2016 aviii + 264 hlm. ;c19,5 x 13,5 cm. aNovel0 aHutami Suryaningtyas